00670nam a2200205 a 450000100100000000500170001000800410002702000150006804000250008308200210010810000290012924500890015825000110024726000350025830000360029349000300032950400360035970000390039583000300043400002527020200930023655.0110211s1976 sp ac r 000 0 spa d a842395319X aDO-SdBNPbspacBNPHU aNNNbR252P, 19761 aPetit, Pierred1922-200010aRavel /cPierre Petit ; traducción del francés por Felipe Ximénez de Sandoval. a2a ed. aMadrid :bEspasa-Calpe,c1976. a126 p. :bil., retrs. ;c18 cm.1 aClásicos de la música aIncluye bibliografía (p. 123)1 aXiménez de Sandoval, Felipeetr. 0aClásicos de la música